000 00822nam a2200241Ia 4500
003 GCL
008 140319s9999 xx 000 0 ara d
020 _a?224215977
040 _aGCL /
_cGCL
082 0 4 _a700.15
_bش د
100 1 _aشاكر عبدالحميد
245 1 0 _aدراسات نفسية فى التذوق الفنى /
_cشاكر عبدالحميد
700 1 _aمعتز سيد عبدالله
700 1 _aجمعة سيد يوسف
260 _aالقاهرة :
_bدار غريب للطباعة والنشر والتوزيع
300 _a330 ص ؛
_c24 سم
650 0 4 _aالفنون الجميلة
650 0 4 _aالابداع الادبى والفنى
650 0 4 _aعلم النفس الجمالى
650 0 4 _aعلم النفس - فنون
650 0 4 _aالابداع
942 _2ddc
_cBK
999 _c7328
_d7328